Capital y crecimiento / (Registro nro. 11907)
[ vista simple ]
| 000 -LEADER | |
|---|---|
| fixed length control field | 01460nam a2200289Ia 4500 |
| 003 - CONTROL NUMBER IDENTIFIER | |
| control field | OSt |
| 005 - DATE AND TIME OF LATEST TRANSACTION | |
| control field | 20210714105450.0 |
| 008 - FIXED-LENGTH DATA ELEMENTS--GENERAL INFORMATION | |
| fixed length control field | 210310s1977 mx ad gr 000 0 spa d |
| 040 ## - CATALOGING SOURCE | |
| Original cataloging agency | CO-JMCR |
| Transcribing agency | CO-JMCR |
| 041 1# - LANGUAGE CODE | |
| Language code of text/sound track or separate title | spa |
| Language code of original | eng |
| 050 ## - LIBRARY OF CONGRESS CALL NUMBER | |
| Classification number | Primera edición |
| 082 04 - DEWEY DECIMAL CLASSIFICATION NUMBER | |
| Classification number | 332.04104 / |
| Item number | H257c |
| Edition number | 23 |
| 100 1# - MAIN ENTRY--PERSONAL NAME | |
| Personal name | Harcourt, Geoffrey Colin, |
| Relator term | autor |
| 9 (RLIN) | 26773 |
| 245 #0 - TITLE STATEMENT | |
| Title | Capital y crecimiento / |
| Statement of responsibility, etc. | Geoffrey Colin Harcourt, N. F. laing ; traducción de de Eduardo L. Suárez |
| 250 ## - EDITION STATEMENT | |
| Edition statement | Primera edición |
| 260 ## - PUBLICATION, DISTRIBUTION, ETC. | |
| Place of publication, distribution, etc. | México : |
| Name of publisher, distributor, etc. | Fondo de Cultura Económica |
| Date of publication, distribution, etc. | 1977 |
| 300 ## - PHYSICAL DESCRIPTION | |
| Other physical details | 382 páginas : |
| Extent | ilustraciones y gráficas en blanco y negro ; |
| Dimensions | 19 cm. |
| 490 0# - SERIES STATEMENT | |
| Series statement | Lecturas ; |
| Volume/sequential designation | 18 |
| 504 ## - BIBLIOGRAPHY, ETC. NOTE | |
| Bibliography, etc. note | Bibliografía: páginas 363-368. |
| 505 0# - FORMATTED CONTENTS NOTE | |
| Formatted contents note | El capital como una unidad independiente de la distribución y de los precios. -- Una aplicación económica del concepto de una función de producción neoclásica agregada. -- La tasa de rendimiento sobre la inversión. -- Preludio de una crítica a la teoría económico. -- El debate del cambio doble y la revisión del capital. -- la tasa de la guanacias en la sociedad capitalista. -- La teoría del crecimiento ótico. |
| 650 14 - SUBJECT ADDED ENTRY--TOPICAL TERM | |
| Topical term or geographic name entry element | Capital discursos |
| General subdivision | ensayos |
| 9 (RLIN) | 26775 |
| 650 24 - SUBJECT ADDED ENTRY--TOPICAL TERM | |
| Topical term or geographic name entry element | Conferencias |
| General subdivision | Crecimiento económico |
| 9 (RLIN) | 38442 |
| 650 24 - SUBJECT ADDED ENTRY--TOPICAL TERM | |
| Topical term or geographic name entry element | Discursos |
| General subdivision | ensayos económicos |
| 9 (RLIN) | 38443 |
| 700 1# - ADDED ENTRY--PERSONAL NAME | |
| Personal name | Laing, N. F., |
| Relator term | autor |
| 9 (RLIN) | 38444 |
| 700 1# - ADDED ENTRY--PERSONAL NAME | |
| Personal name | Suárez, Eduardo L., |
| Relator term | traducción |
| 9 (RLIN) | 4465 |
| 942 ## - ADDED ENTRY ELEMENTS (KOHA) | |
| Source of classification or shelving scheme | Dewey Decimal Classification |
| Koha item type | Books |
| Withdrawn status | Lost status | Source of classification or shelving scheme | Damaged status | Not for loan | Home library | Current library | Shelving location | Date acquired | Source of acquisition | Full call number | Barcode | Date last seen | Copy number | Price effective from | Koha item type |
|---|---|---|---|---|---|---|---|---|---|---|---|---|---|---|---|
| Dewey Decimal Classification | Biblioteca Pública José María del Castillo y Rada | Biblioteca Pública José María del Castillo y Rada | General Stacks | 04/15/2018 | Donación | 332.04104 / H257c | 430004190 | 05/16/2024 | Ej.1 | 03/10/2021 | Books |